Sociálno-ľudský rozmer rozvojovej stratégie Slovenska

Tvorba a realizácia stratégie sociálno-ekonomického rozvoja Slovenska v národohospodárskej rovine do r. 2010. Človeko-stredná (homocentrická) operatívno-rozvojová stratégia spoločenského systému. Východiskové axiómy spoločensko-rozvojovej stratégie. Spoločenské usporiadanie vlastníckych vzťahov.

Na minha lista:
Detalhes bibliográficos
Autor principal: Brhlovič, Gerhard
Formato: Capítulo de Livro
Idioma:eslovaco
Assuntos:
Tags: Adicionar Tag
Sem tags, seja o primeiro a adicionar uma tag!

MARC

LEADER 00000naa a2200000 4500
001 r016671
005 20221213095948.4
041 0 |a slo 
044 |a SK 
245 1 0 |a Sociálno-ľudský rozmer rozvojovej stratégie Slovenska  |c Gerhard Brhlovič 
520 |a Tvorba a realizácia stratégie sociálno-ekonomického rozvoja Slovenska v národohospodárskej rovine do r. 2010. Človeko-stredná (homocentrická) operatívno-rozvojová stratégia spoločenského systému. Východiskové axiómy spoločensko-rozvojovej stratégie. Spoločenské usporiadanie vlastníckych vzťahov. 
610 2 0 |a Slovensko 
610 2 0 |a 1995-2010 
610 2 0 |a rozvoj sociálno-ekonomický 
610 2 0 |a stratégia hospodárska 
610 2 0 |a zdroje ľudské 
610 2 0 |a vzťahy vlastnícke 
610 2 0 |a systémy sociálne 
100 1 |a Brhlovič, Gerhard